| Tag |
First Indicator |
Second Indicator |
Subfields |
| LEADER |
00000cam a2200000 4500 |
| 001 |
in00000039187 |
| 005 |
20151007081548.0 |
| 008 |
790920s1950 mdua 00000 eng d |
| 035 |
|
|
|a (OCoLC)05391951
|
| 035 |
|
|
|9 AAF6573AM
|
| 040 |
|
|
|a JNA
|c JNA
|d TXA
|d UtOrBLW
|
| 049 |
|
|
|a TXAM
|c [463218]
|
| 090 |
|
|
|a BV5082
|b .M415 1950
|
| 092 |
|
|
|a 241
|b M542w
|
| 100 |
1 |
|
|a Menéndez, Josefa,
|d 1890-1923.
|
| 245 |
1 |
4 |
|a The way of divine love ;
|b or, The message of the Sacred Heart to the world, and a short biography of His messenger, Sister Josefa Menendez, coadjutrix sister of the Society of the Sacred Heart of Jesus, 1890-1923.
|
| 264 |
|
1 |
|a Westminster, Md. :
|b Newman Press,
|c 1950.
|
| 300 |
|
|
|a xxxvii, 532 pages :
|b illustrations ;
|c 22 cm.
|
| 336 |
|
|
|a text
|b txt
|2 rdacontent
|
| 337 |
|
|
|a unmediated
|b n
|2 rdamedia
|
| 338 |
|
|
|a volume
|b nc
|2 rdacarrier
|
| 500 |
|
|
|a Translation of Un llamamiento al amor.
|
| 650 |
|
0 |
|a Mysticism
|x Catholic Church.
|
| 650 |
|
0 |
|a Love
|x Religious aspects
|x Christianity.
|
| 999 |
|
|
|a MARS
|
| 999 |
f |
f |
|s 2259832d-5307-3098-8e07-244a21c2857c
|i 754a3809-1184-3deb-9ced-7b88057ff63b
|t 0
|
| 952 |
f |
f |
|p normal
|a Texas A&M University
|b College Station
|c Sterling C. Evans Library
|d Evans: Library Stacks
|t 0
|e BV5082 .M415 1950
|h Library of Congress classification
|i unmediated -- volume
|m A14800609665
|
| 998 |
f |
f |
|a BV5082 .M415 1950
|t 0
|l Evans: Library Stacks
|